000 00616nam a2200205Ia 4500
005 20250508164119.0
008 008 250505s9999 xx 000 0 eng d
020 _a0-335-19306-4
037 _aTextual
040 _aFEDL
_beng
_cFEDL
041 _aeng
_2eng
084 _a370.7, TOM
_qFEDL
100 _aTomlinson Peter
_9597258
245 0 _aUnderstanding mentoring reflective strategies for school-based teacher preparation
260 _aBuckingham, UK
_bOpen University Press
_c1995
300 _axi,238p.
650 _aEducation
942 _cTEXL
_h370.7, TOM
999 _c1387120
_d1387120